Sudden death - Sweden city’s - Statistics

General Stats
  • This quiz has been taken 83 times
  • The average score is 15 of 25
Answers on the Grid
Answers color-coded by a green-red scale on the quiz's grid according to % correct below.
Borlänge
Paris
Gothenborg
Borås
Bratislava
Madrid
Bergen
Eskilstuna
Texas
Oslo
Falun
Gävle
Meänkieli
Halmstad
Helsingfors
Helsingborg
Sapmi
Jönköping
Karlstad
Köpenhamn
Linköping
Luleå
Lund
Kolahalvön
Malmö
Norrköping
Alaska
Stockholm
Sundsvall
Södertälje
Märkes
Nike
Trollhättan
Åland
Umeå
Uppsala
Klocka
Hattstad
Västerås
Sarajevo
Växjö
Örebro
Ipad
Östersund
Medelpad
 
Answer Stats
Answer % Correct
Malmö
82%
Stockholm
79%
Örebro
73%
Jönköping
70%
Uppsala
70%
Västerås
67%
Östersund
64%
Gothenborg
61%
Helsingborg
61%
Luleå
61%
Lund
61%
Norrköping
61%
Södertälje
61%
Växjö
61%
Borås
58%
Karlstad
58%
Linköping
58%
Umeå
58%
Halmstad
55%
Sundsvall
52%
Gävle
48%
Trollhättan
48%
Borlänge
45%
Eskilstuna
45%
Falun
45%
No matching quizzes found
Score Distribution
Percent of People with Each Score
Percentile by Number Answered
Your Score History
You have not taken this quiz